Ülést tartott a megyei József Attila Emlékbizottság

Elmentve itt :
Bibliográfiai részletek
Dokumentumtípus: Cikk
Megjelent: 1980-02-01
Sorozat:Délmagyarország 70 No. 26
Online Access:http://dmarchiv.bibl.u-szeged.hu/89996
LEADER 00394nab a2200133 i 4500
001 delm89996
005 20190607120924.0
008 190607s1980 hu o 0|| hun d
040 |a SZTE Délmagyarország Archívum  |b hun 
041 |a hun 
245 0 0 |a Ülést tartott a megyei József Attila Emlékbizottság  |h [elektronikus dokumentum] 
260 |c 1980-02-01 
300 |a 5 
490 0 |a Délmagyarország  |v 70 No. 26